000 00524nam a22001577a 4500
999 _c534220
_d534220
020 _qHard Cover.
082 _a660
100 _aSarosh, Ali, Khawaja
245 _aSynthesis of Vanadium Oxide / Titania Catalyst and Process Modelling /
_cAli Sarosh Khawaja.
260 _aIslamabad :
_bSCME - NUST,
_c2015.
300 _axv, 73 p. : ill. ;
_c30cm.
942 _2ddc
_cTHE
650 _aChemical Engineering MS-Thesis.
_916130
700 _aDr. Arshad Hussain.
_916435